000 00931nam a22002657a 4500
005 20170417170603.0
010 _aENG-108882
020 _c180.00
_a9788122506815
035 _aEN-92415
035 _aB-538620-644
035 _aB-667548
037 _bDBAD/PUB
037 _bKBD/Ven
_adpl
082 _a657.45
100 _aPorwal, L. S.
245 _aAuditing /
_cby L. S. Porwal, T. H. Bhat [and] G. M. Lone
260 _aNew Delhi
_bKitab Mahal
_c2013
270 _a8, Hari Sadan, Ground Floor, 20, Ansari Road Daryaganj
_bNew Delhi
_e110002
300 _aiv,244p.
_c23cm(pbk)
700 _aBhat, T. H.
700 _aLone, G. M.
942 _2ddc
_cEN
_mPOR
_h657.45
999 _c81277
_d81277